Most Islamic Countries in Americas - Statistics

General Stats
  • This quiz has been taken 371 times
    214 since last reset
  • The average score is 12 of 15
Answer Stats
Answer % Correct
United States of America
99%
Canada
98%
Brazil
94%
Argentina
92%
Suriname
88%
Colombia
87%
Venezuela
87%
Guyana
86%
Panama
79%
Trinidad and Tobago
78%
Barbados
73%
Honduras
69%
Grenada
66%
Saint Vincent and the Grenadines
66%
Antigua and Barbuda
64%
No matching quizzes found
Score Distribution
Percent of People with Each Score
Percentile by Number Answered
Your Score History
You have not taken this quiz since the last reset